Strategic management and information systems : an integrated approach / (Record no. 8961)
[ view plain ]
| 000 -LEADER | |
|---|---|
| fixed length control field | 01190nac a22003011u 4500 |
| 020 ## - INTERNATIONAL STANDARD BOOK NUMBER | |
| International Standard Book Number | 0273615912 : |
| 020 ## - INTERNATIONAL STANDARD BOOK NUMBER | |
| International Standard Book Number | 9780273615910 : |
| 082 ## - DEWEY DECIMAL CLASSIFICATION NUMBER | |
| Classification number | 658.4038011 21 |
| Item number | ROB |
| 090 ## - LOCALLY ASSIGNED LC-TYPE CALL NUMBER (OCLC); LOCAL CALL NUMBER (OCLC) | |
| -- | 8961 |
| -- | 8961 |
| 100 ## - MAIN ENTRY--PERSONAL NAME | |
| Personal name | Robson, Wendy. |
| 245 10 - TITLE STATEMENT | |
| Title | Strategic management and information systems : an integrated approach / |
| Statement of responsibility, etc | Wendy Robson. |
| 246 38 - VARYING FORM OF TITLE | |
| Title proper/short title | Strategic management & information systems |
| 250 ## - EDITION STATEMENT | |
| Edition statement | 2nd ed. |
| 260 ## - PUBLICATION, DISTRIBUTION, ETC. (IMPRINT) | |
| Place of publication, distribution, etc | London : |
| Name of publisher, distributor, etc | Pitman Publishing,1997. |
| Date of publication, distribution, etc | c1997. |
| 300 ## - PHYSICAL DESCRIPTION | |
| Extent | xvi, 575 p. : |
| Other physical details | ill. ; |
| Dimensions | 25 cm. |
| 500 ## - GENERAL NOTE | |
| General note | First published in Great Britain in 1994. |
| 500 ## - GENERAL NOTE | |
| General note | Distributer: Bacca |
| 504 ## - BIBLIOGRAPHY, ETC. NOTE | |
| Bibliography, etc | Includes bibliographical references and index. |
| 511 ## - PARTICIPANT OR PERFORMER NOTE | |
| Participant or performer note | Catalogued by: Sara |
| 650 #0 - SUBJECT ADDED ENTRY--TOPICAL TERM | |
| Topical term or geographic name as entry element | Strategic planning |
| General subdivision | Data processing. |
| 650 #0 - SUBJECT ADDED ENTRY--TOPICAL TERM | |
| Topical term or geographic name as entry element | Management |
| General subdivision | Data processing. |
| 650 #0 - SUBJECT ADDED ENTRY--TOPICAL TERM | |
| Topical term or geographic name as entry element | Information technology |
| General subdivision | Management. |
| 650 #0 - SUBJECT ADDED ENTRY--TOPICAL TERM | |
| Topical term or geographic name as entry element | Management information systems |
| 650 #0 - SUBJECT ADDED ENTRY--TOPICAL TERM | |
| Topical term or geographic name as entry element | Information technology--Management |
| 942 ## - ADDED ENTRY ELEMENTS (KOHA) | |
| Item type | |
| Call number prefix | 658.4038011 21 ROB |
| Withdrawn status | Item status | Damaged status | Not for loan | Home library | Current library | Shelving location | Date acquired | Source of acquisition | Total Checkouts | Full call number | Barcode | Date last seen | Koha item type | Date last borrowed |
|---|---|---|---|---|---|---|---|---|---|---|---|---|---|---|
| Central Library | Central Library | First floor | 31/03/2008 | Purchase | 658.4038011 21 ROB | 000010885 | 15/07/2025 | Book - Borrowing | ||||||
| Central Library | Central Library | First floor | 31/03/2008 | Purchase | 1 | 658.4038011 21 ROB | 000010886 | 15/07/2025 | Book - Borrowing | 10/01/2010 | ||||
| Central Library | Central Library | First floor | 31/03/2008 | Purchase | 1 | 658.4038011 21 ROB | 000010887 | 15/07/2025 | NB - Book (Non borrowing) | 15/03/2011 |